Marketing strategy focus - customer equity

Riadenie rovnosti zákazníka. Stratégie riadenia zákazníka - charakteristika jednotlivých stratégií. Plán riadenia zákazníka. Investície, marketing. Riadenie rentability zákazníka na priemyselných trhoch. Úloha CRM technológií v "riadení zákazníka". Zákazníci a zisk, rentabilita.

Salvato in:
Dettagli Bibliografici
Autore principale: Oreský, Milan, 1956-
Natura: Capitolo di libro
Lingua:inglese
Soggetti:
Tags: Aggiungi Tag
Nessun Tag, puoi essere il primo ad aggiungerne!!

MARC

LEADER 00000nla$a2200000$$$4500
001 0075836
005 20240502083214.0
041 0 |a eng 
044 |a LT 
245 1 0 |a Marketing strategy focus - customer equity  |c Milan Oreský 
520 |a Riadenie rovnosti zákazníka. Stratégie riadenia zákazníka - charakteristika jednotlivých stratégií. Plán riadenia zákazníka. Investície, marketing. Riadenie rentability zákazníka na priemyselných trhoch. Úloha CRM technológií v "riadení zákazníka". Zákazníci a zisk, rentabilita. 
610 2 0 |a stratégia marketingová 
610 2 0 |a zákazníci 
610 2 0 |a manažment 
610 2 0 |a hodnota 
610 2 0 |a investície 
610 2 0 |a konkurencia 
610 2 0 |a systém CRM 
610 2 0 |a riadenie vzťahov so zákazníkmi 
100 1 |a Oreský, Milan, 1956-